000 00696cam a2200217 4500
001 5139
005 20181127174850.0
008 990714s2000 nhu b 001 0 eng
010 _a 99039099
020 _a1584650222 (pbk. : alk. paper)
100 1 _aTurco, Lewis.
245 1 4 _aThe book of forms :
_ba handbook of poetics /
_cLewis Turco.
250 _a3rd ed.
260 _aHanover, NH :
_bUniversity Press of New England,
_cc2000.
300 _axi, 337 p. ;
_c19 cm.
504 _aIncludes bibliographical references (p. [303]-307) and index.
650 0 _aPoetics.
650 0 _aVersification.
906 _a7
_bcbc
_corignew
_d1
_eocip
_f19
_gy-gencatlg
999 _c4304
_d4304